000 00536nam a2200181 i 4500
001 134370
003 ES-MaACL
005 20230906194647.0
007 t|
008 070910s1971 sp ||||1| spa d
100 1 _aWatts, Alan.
_9116209
245 1 3 _aEl gran mandala
_b: ensayo sobre la materialidad /
_cAlan Watts ; [traducción de Mario Rovira].
250 _a[1ª ed.].
260 _aBarcelona :
_bKairós,
_c[1971]
300 _a162 p. ;
_c17 cm.
700 1 _aRovira, Mario.
_9100135
852 _aES-MaACL
_jC-40838
_bR.77291
999 _c134370
_d134370